000 00279nam a2200109 a 4500
005 20201002044931.0
008 140404s1972 000 spa d
100 _aVoltaire
_946917
245 0 _aCandido el ingenuo.
260 _aMadrid -- Libra,
_c1972 -- 195 p.
999 _c43205
_d43205
040 _aDO-SdBNP